[Event "4NCL Division Four"]
[Site "Daventry, ENG"]
[Date "2023.02.05"]
[Round "6.44"]
[White "Radford, Mark Sr"]
[Black "Westrap, Christian F"]
[Result "0-1"]
[WhiteElo "1816"]
[BlackElo "1974"]
[PlyCount "46"]
[EventDate "2023.02.05"]
[WhiteTeam "Ashfield 2"]
[BlackTeam "Wessex Some Stars A"]

1. Nf3 d5 2. d4 Nf6 3. c4 c6 4. e3 e6 5. Nc3 Nbd7 6. Bd3 dxc4 7. Bxc4 b5 8. Bb3
b4 9. Na4 Ba6 10. Qc2 Rc8 11. Nc5 Nxc5 12. dxc5 Bd3 13. Qd1 Bxc5 14. Bd2 O-O
15. Rc1 Qe7 16. Bc4 Rfd8 17. Qb3 Be4 18. Ke2 Bd5 19. Rc2 Ne4 20. Rd1 a5 21. Bc1
Qa7 22. Ke1 Be7 23. Nd4 Nc5 0-1

[Event "4NCL Division Four"]
[Site "Daventry, ENG"]
[Date "2023.02.05"]
[Round "6.45"]
[White "Pleasants, Allan J"]
[Black "Levens, David G"]
[Result "1-0"]
[WhiteElo "1963"]
[BlackElo "1780"]
[PlyCount "65"]
[EventDate "2023.02.05"]
[WhiteTeam "Wessex Some Stars A"]
[BlackTeam "Ashfield 2"]

1. Nf3 d5 2. g3 c5 3. Bg2 Nc6 4. O-O e5 5. d3 Nf6 6. c4 dxc4 7. Qa4 Bd7 8. Qxc4
Be7 9. Bg5 b5 10. Qc1 Rc8 11. Nbd2 O-O 12. Qd1 h6 13. Bxf6 Bxf6 14. Rc1 Be7 15.
a4 a6 16. axb5 axb5 17. Qb3 Qc7 18. Ne4 Nd4 19. Qd1 Nxf3+ 20. Bxf3 Qb6 21. Nc3
Bg5 22. Ra1 Bc6 23. Bxc6 Qxc6 24. e4 Rfd8 25. Nd5 Rd6 26. h4 Bd8 27. Qf3 c4 28.
dxc4 bxc4 29. Rfd1 Rb8 30. Ra7 Rb7 31. Ra8 Rbd7 32. Rxd8+ Rxd8 33. Ne7+ 1-0

[Event "4NCL Division Four"]
[Site "Daventry, ENG"]
[Date "2023.02.05"]
[Round "6.46"]
[White "Graham, Neil"]
[Black "Gregory, Keith D F"]
[Result "1/2-1/2"]
[WhiteElo "1783"]
[BlackElo "1946"]
[PlyCount "49"]
[EventDate "2023.02.05"]
[WhiteTeam "Ashfield 2"]
[BlackTeam "Wessex Some Stars A"]

1. d4 d6 2. Bg5 Nd7 3. c3 Ngf6 4. Nf3 c6 5. Nbd2 Qc7 6. e3 g6 7. Bd3 Bg7 8. Qc2
O-O 9. O-O e5 10. dxe5 Nxe5 11. Nxe5 dxe5 12. Ne4 Nxe4 13. Bxe4 Be6 14. h3 f6
15. Bh4 Qf7 16. b3 a5 17. f3 a4 18. b4 Rfd8 19. Bd3 Rd7 20. Be2 Bh6 21. Bf2 Bf5
22. Qb2 Bd3 23. Bxd3 Rxd3 24. Rad1 Rad8 25. Qc2 1/2-1/2

[Event "4NCL Division Four"]
[Site "Daventry, ENG"]
[Date "2023.02.05"]
[Round "6.51"]
[White "Franco, Gaston"]
[Black "Latypova, Olga L"]
[Result "1-0"]
[WhiteElo "2051"]
[BlackElo "1766"]
[PlyCount "45"]
[EventDate "2023.02.05"]
[WhiteTeam "Celtic Tigers 2"]
[BlackTeam "She Plays To Win Lionesses"]

1. e4 c5 2. Nf3 e6 3. d4 cxd4 4. Nxd4 a6 5. Nc3 Qc7 6. Bd3 g6 7. Be3 Bg7 8. f4
d6 9. Qf3 Nf6 10. O-O-O e5 11. Nde2 O-O 12. f5 gxf5 13. exf5 Bd7 14. g4 Bc6 15.
Qh3 Kh8 16. g5 Bxh1 17. gxf6 Bxf6 18. Rxh1 Nd7 19. Nd5 Qa5 20. Nxf6 Nxf6 21.
Qh4 Nh5 22. Qxh5 d5 23. f6 1-0

[Event "4NCL Division Four"]
[Site "Daventry, ENG"]
[Date "2023.02.05"]
[Round "6.52"]
[White "Maton, Emily"]
[Black "Brixel, Christof"]
[Result "1-0"]
[WhiteElo "1695"]
[BlackElo "1952"]
[PlyCount "89"]
[EventDate "2023.02.05"]
[WhiteTeam "She Plays To Win Lionesses"]
[BlackTeam "Celtic Tigers 2"]

1. c4 e6 2. g3 d5 3. Bg2 dxc4 4. Nf3 a6 5. Qc2 Nf6 6. O-O b5 7. Ne5 Nd5 8. a4
Bb7 9. axb5 axb5 10. Rxa8 Bxa8 11. b3 Nb4 12. Qb2 Bxg2 13. Kxg2 Qd5+ 14. Nf3
cxb3 15. Nc3 Qb7 16. Qxb3 Be7 17. Ba3 N8a6 18. d4 O-O 19. Na2 Nd5 20. Bxe7 Nxe7
21. Rb1 c6 22. Ne5 Nf5 23. Nf3 Rd8 24. e3 h6 25. Nb4 Nxb4 26. Qxb4 g5 27. Qc5
Rd5 28. Qc3 Ne7 29. e4 Rd8 30. Qc5 Qd7 31. Rd1 Qd6 32. Qb6 Qb8 33. Qc5 Qd6 34.
Qb6 Rb8 35. Qa7 Nc8 36. Qa5 Nb6 37. Ne5 f6 38. Ng4 Kg7 39. Qa7+ Kg6 40. e5 Qd5+
41. Kg1 Nd7 42. Nxf6 Nxf6 43. Qxb8 Qf3 44. Rc1 Qa3 45. Rf1 1-0

[Event "4NCL Division Four"]
[Site "Daventry, ENG"]
[Date "2023.02.05"]
[Round "6.53"]
[White "Tivillier, Jacques"]
[Black "Jayawarna, Tarini"]
[Result "1-0"]
[WhiteElo "1758"]
[BlackElo "1538"]
[PlyCount "65"]
[EventDate "2023.02.05"]
[WhiteTeam "Celtic Tigers 2"]
[BlackTeam "She Plays To Win Lionesses"]

1. b3 Nf6 2. Bb2 g6 3. e4 d6 4. Nc3 Bg7 5. d3 O-O 6. Be2 Nc6 7. Nd5 e5 8. Nxf6+
Qxf6 9. Qd2 Be6 10. Nf3 h6 11. O-O Qe7 12. d4 exd4 13. Nxd4 Bd7 14. Nxc6 Bxc6
15. Bxg7 Kxg7 16. Bd3 Qf6 17. Rfe1 Rfe8 18. c3 Re7 19. Re2 Rae8 20. Rae1 a5 21.
a3 b6 22. a4 Qe5 23. Kh1 Qe6 24. Bc4 Qf6 25. f3 Re5 26. Qd4 b5 27. axb5 Bxb5
28. f4 Rh5 29. Qxf6+ Kxf6 30. e5+ dxe5 31. Bxb5 Rb8 32. fxe5+ Ke7 33. Bc4 1-0

[Event "4NCL Division Four"]
[Site "Daventry, ENG"]
[Date "2023.02.05"]
[Round "6.54"]
[White "Chan, Michelle (Ngo Yu)"]
[Black "Sturt, Charles A"]
[Result "0-1"]
[WhiteElo "1549"]
[BlackElo "1600"]
[PlyCount "52"]
[EventDate "2023.02.05"]
[WhiteTeam "She Plays To Win Lionesses"]
[BlackTeam "Celtic Tigers 2"]

1. e4 c5 2. Nf3 a6 3. d4 cxd4 4. Nxd4 Nf6 5. Nc3 e5 6. Nf3 Bb4 7. Bd2 d6 8. Bd3
Be6 9. O-O Nbd7 10. a3 Bxc3 11. Bxc3 Nc5 12. Ng5 O-O 13. Nxe6 fxe6 14. f3 Qb6
15. Kh1 Nxd3 16. Qxd3 Rad8 17. Rfd1 d5 18. exd5 Rxd5 19. Qe2 e4 20. fxe4 Rg5
21. Bb4 Ng4 22. h3 Nf2+ 23. Kh2 Nxd1 24. Bxf8 Ne3 25. Qf3 Rxg2+ 26. Kh1 Qc7 0-1

[Event "4NCL Division Four"]
[Site "Daventry, ENG"]
[Date "2023.02.05"]
[Round "6.55"]
[White "Perchard, Matthew"]
[Black "Rida, Ruqayyah"]
[Result "0-1"]
[WhiteElo "1506"]
[BlackElo "1409"]
[PlyCount "88"]
[EventDate "2023.02.05"]
[WhiteTeam "Celtic Tigers 2"]
[BlackTeam "She Plays To Win Lionesses"]

1. e4 e5 2. Nf3 Nc6 3. d4 exd4 4. Nxd4 Nf6 5. Nc3 Bb4 6. Nxc6 bxc6 7. Bd3 d5 8.
exd5 cxd5 9. O-O O-O 10. Bg5 c6 11. Qf3 Be7 12. h3 Be6 13. Rfe1 h6 14. Bf4 c5
15. Be5 d4 16. Ne4 Nd7 17. Nd2 Nxe5 18. Rxe5 Bd6 19. Re2 Rc8 20. b3 Bb8 21.
Rae1 Qd6 22. g3 Bxh3 23. Ne4 Qd7 24. Nf6+ gxf6 25. Qxf6 Qd5 26. Be4 Qg5 27.
Qxg5+ hxg5 28. Bd5 Bf5 29. Kg2 Rcd8 30. Bc4 d3 31. cxd3 Bxd3 32. Bxd3 Rxd3 33.
Re8 Bc7 34. R8e7 Bb6 35. R7e5 f6 36. Re7 Rf7 37. Re8+ Kg7 38. Rh1 Rd8 39. Re4
Rd2 40. Re8 c4 41. Rhh8 Rxf2+ 42. Kh3 f5 43. Rhg8+ Kf6 44. bxc4 Rh7# 0-1

[Event "4NCL Division Four"]
[Site "Daventry, ENG"]
[Date "2023.02.05"]
[Round "6.56"]
[White "Eccleston, Bryony"]
[Black "Rigby, Charles"]
[Result "0-1"]
[WhiteElo "1027"]
[BlackElo "1481"]
[PlyCount "112"]
[EventDate "2023.02.05"]
[WhiteTeam "She Plays To Win Lionesses"]
[BlackTeam "Celtic Tigers 2"]

1. e4 c6 2. d4 d5 3. e5 Bf5 4. Be2 e6 5. Nf3 c5 6. Be3 Qb6 7. b3 Nc6 8. O-O
cxd4 9. Nxd4 Nxd4 10. Bxd4 Bc5 11. c3 Ne7 12. b4 Bxd4 13. Qxd4 Qxd4 14. Bb5+
Nc6 15. Bxc6+ bxc6 16. cxd4 Bxb1 17. Raxb1 Kd7 18. Rfc1 Rhc8 19. Rb3 a5 20. Rc2
axb4 21. Rxb4 Rab8 22. Rcb2 Rxb4 23. Rxb4 c5 24. Rb7+ Rc7 25. Rxc7+ Kxc7 26.
dxc5 Kc6 27. Kf1 Kxc5 28. Ke2 Kb4 29. Kd3 Ka3 30. f4 Kxa2 31. h3 h5 32. g4 hxg4
33. hxg4 g6 34. g5 Kb3 35. Kd4 Kb4 36. Kd3 Kc5 37. Kc3 d4+ 38. Kc2 Kc4 39. Kd2
d3 40. Kc1 Kc3 41. Kd1 d2 42. f5 exf5 43. Ke2 Kc2 44. e6 fxe6 45. Ke3 d1=Q 46.
Kf4 Qd4+ 47. Kg3 Qe3+ 48. Kh4 Qf4+ 49. Kh3 Qxg5 50. Kh2 e5 51. Kh1 e4 52. Kh2
e3 53. Kh3 e2 54. Kh2 e1=N 55. Kh3 Qg4+ 56. Kh2 Qg2# 0-1

[Event "4NCL Division Four"]
[Site "Daventry, ENG"]
[Date "2023.02.05"]
[Round "6.61"]
[White "Vachtfeidl, Petr"]
[Black "Page, Thomas"]
[Result "1/2-1/2"]
[WhiteElo "1877"]
[BlackElo "1667"]
[PlyCount "141"]
[EventDate "2023.02.05"]
[WhiteTeam "CSC/Kingston 2"]
[BlackTeam "Barnet Knights C"]

1. d4 d5 2. c4 e6 3. Nc3 Nf6 4. Bg5 Nbd7 5. e3 c6 6. Nf3 Bd6 7. Bd3 b6 8. cxd5
exd5 9. O-O O-O 10. Qa4 Bb7 11. Rac1 b5 12. Qc2 h6 13. Bh4 Qb6 14. Bg3 Bxg3 15.
hxg3 Rac8 16. b4 g5 17. Rfd1 Ne8 18. Bf5 Rd8 19. Bxd7 Rxd7 20. Ne5 Re7 21. Ne2
Nd6 22. Qc5 Qxc5 23. Rxc5 Rc8 24. Rdc1 Rec7 25. R5c3 Kg7 26. Ra3 a6 27. Nd3 Nc4
28. Rac3 a5 29. bxa5 Nxa5 30. Ra3 Nc4 31. Ra7 Ra8 32. Rxa8 Bxa8 33. Nc5 Bb7 34.
a4 bxa4 35. Nxa4 Kf6 36. Nc5 Bc8 37. Ra1 h5 38. Nc3 Kf5 39. Ra8 Kg4 40. Kf1 h4
41. gxh4 Kxh4 42. Ke2 f5 43. Nb1 f4 44. Nd2 Bg4+ 45. f3 Nxd2 46. Rh8+ Kg3 47.
Kxd2 fxe3+ 48. Ke2 Bf5 49. Rg8 g4 50. fxg4 Bxg4+ 51. Kxe3 Re7+ 52. Kd3 Kf4 53.
Rf8+ Bf5+ 54. Kd2 Kg5 55. Rg8+ Kf6 56. g4 Bg6 57. Rd8 Be8 58. Rd6+ Kg5 59. Nd3
Kxg4 60. Ne5+ Kf4 61. Nxc6 Bxc6 62. Rxc6 Re4 63. Rf6+ Kg5 64. Rd6 Rxd4+ 65. Kc3
Rd1 66. Kc2 Rd4 67. Kc3 Rc4+ 68. Kd3 Rc5 69. Kd4 Ra5 70. Rxd5+ Rxd5+ 71. Kxd5
1/2-1/2

[Event "4NCL Division Four"]
[Site "Daventry, ENG"]
[Date "2023.02.05"]
[Round "6.62"]
[White "Veselow, Zoe"]
[Black "Eckert, Jonathan"]
[Result "1-0"]
[WhiteElo "1697"]
[BlackElo "1715"]
[PlyCount "87"]
[EventDate "2023.02.05"]
[WhiteTeam "Barnet Knights C"]
[BlackTeam "CSC/Kingston 2"]

1. e4 e6 2. d4 d5 3. exd5 exd5 4. Bd3 Nc6 5. c3 Bd6 6. Qf3 Nf6 7. h3 O-O 8. Be3
Re8 9. Nd2 Qe7 10. Ne2 Ne4 11. O-O-O Na5 12. Kb1 Nc4 13. Nxc4 dxc4 14. Bxc4 Bd7
15. g4 Bc6 16. d5 Ba4 17. b3 Bd7 18. h4 Nf6 19. g5 Bg4 20. gxf6 Bxf3 21. fxe7
Bxh1 22. Rxh1 Rxe7 23. Nd4 a6 24. Rg1 Re4 25. Nf5 g6 26. Nxd6 cxd6 27. h5 Rae8
28. Bd3 R4e5 29. hxg6 hxg6 30. c4 Rh5 31. Kb2 Kh7 32. Ka3 b5 33. Be2 Rh4 34.
cxb5 axb5 35. Bxb5 Ree4 36. Bc4 f5 37. Kb4 f4 38. Bb6 f3 39. Kb5 Kh6 40. a4 Kh5
41. a5 Rh2 42. a6 Rg2 43. Rh1+ Kg4 44. Rh8 1-0

[Event "4NCL Division Four"]
[Site "Daventry, ENG"]
[Date "2023.02.05"]
[Round "6.63"]
[White "Cooke, Charlie"]
[Black "Horan, Sean"]
[Result "1/2-1/2"]
[WhiteElo "1750"]
[BlackElo "1526"]
[PlyCount "69"]
[EventDate "2023.02.05"]
[WhiteTeam "CSC/Kingston 2"]
[BlackTeam "Barnet Knights C"]

1. d4 Nf6 2. c4 d5 3. e3 e6 4. Nc3 c6 5. Nf3 Be7 6. Bd3 O-O 7. O-O dxc4 8. Bxc4
Nbd7 9. a3 Nb6 10. Ba2 c5 11. dxc5 Bxc5 12. b4 Be7 13. Qe2 Nfd5 14. Bb2 Bf6 15.
Rac1 Nxc3 16. Bxc3 Bxc3 17. Rxc3 Qf6 18. Rfc1 Bd7 19. Nd4 Rac8 20. h3 Rxc3 21.
Rxc3 Bc6 22. Rc1 Bd5 23. Bxd5 Nxd5 24. Qb5 Qg5 25. Nf3 Qe7 26. Kf1 a6 27. Qc5
Qxc5 28. Rxc5 h5 29. e4 Nf6 30. Rc7 Rb8 31. Ne5 Nxe4 32. Nxf7 Rf8 33. f3 Rxf7
34. Rxf7 Kxf7 35. fxe4 1/2-1/2

[Event "4NCL Division Four"]
[Site "Daventry, ENG"]
[Date "2023.02.05"]
[Round "6.64"]
[White "Smith, Henry"]
[Black "Grey, Nicholas D"]
[Result "0-1"]
[WhiteElo "1489"]
[BlackElo "1719"]
[PlyCount "64"]
[EventDate "2023.02.05"]
[WhiteTeam "Barnet Knights C"]
[BlackTeam "CSC/Kingston 2"]

1. Nc3 d6 2. e4 Nf6 3. d4 g6 4. Be3 c6 5. f3 b5 6. Bd3 Nbd7 7. a3 Nb6 8. Qd2
Bg7 9. Bh6 O-O 10. Bxg7 Kxg7 11. h4 h5 12. Nge2 Nc4 13. Bxc4 bxc4 14. d5 cxd5
15. Nxd5 e6 16. Nxf6 Qxf6 17. c3 Bb7 18. Qxd6 Rfd8 19. Qc7 Rab8 20. Qxc4 Rbc8
21. Qb3 Ba6 22. Nd4 e5 23. Ne2 Rb8 24. Qa2 Qb6 25. Rd1 Qe3 26. c4 Rxd1+ 27.
Kxd1 Qd3+ 28. Kc1 Qxe2 29. Rd1 Bxc4 30. Qb1 Bb3 31. Qd3 Rc8+ 32. Qc3 Qxd1# 0-1

[Event "4NCL Division Four"]
[Site "Daventry, ENG"]
[Date "2023.02.05"]
[Round "6.65"]
[White "Cresswell, Mike J"]
[Black "Michener, Max"]
[Result "1/2-1/2"]
[WhiteElo "1592"]
[BlackElo "1502"]
[PlyCount "65"]
[EventDate "2023.02.05"]
[WhiteTeam "CSC/Kingston 2"]
[BlackTeam "Barnet Knights C"]

1. e4 e5 2. Nf3 Nc6 3. d4 exd4 4. c3 dxc3 5. Bc4 Bc5 6. Nxc3 d6 7. O-O Bg4 8.
Be2 Nf6 9. h3 Bd7 10. Bg5 h6 11. Bh4 g5 12. Bg3 Qe7 13. Nd2 O-O-O 14. Nd5 Nxd5
15. exd5 Nd4 16. Bd3 Bf5 17. Re1 Qf6 18. Ne4 Bxe4 19. Rxe4 Nf5 20. Qf3 Bd4 21.
Rxd4 Qxd4 22. Qxf5+ Kb8 23. Rb1 h5 24. Qe4 Qxe4 25. Bxe4 Rh6 26. h4 gxh4 27.
Bxh4 Re8 28. Bg5 Rhh8 29. Bf6 Rhg8 30. Bf3 Rg6 31. Bc3 Rg5 32. Kf1 Kc8 33. Re1
1/2-1/2

[Event "4NCL Division Four"]
[Site "Daventry, ENG"]
[Date "2023.02.05"]
[Round "6.66"]
[White "Lee, Xander"]
[Black "Denning, Julie L"]
[Result "1/2-1/2"]
[WhiteElo "1245"]
[BlackElo "1617"]
[PlyCount "89"]
[EventDate "2023.02.05"]
[WhiteTeam "Barnet Knights C"]
[BlackTeam "CSC/Kingston 2"]

1. e4 b6 2. d4 Bb7 3. Nc3 e6 4. Nf3 Bb4 5. Bd3 Nf6 6. Qe2 d5 7. e5 Ne4 8. Bxe4
dxe4 9. Ng5 h6 10. Ngxe4 Qxd4 11. O-O Qxe5 12. f4 Qd4+ 13. Be3 Qd7 14. Qg4 f5
15. Qg6+ Qf7 16. Qxf7+ Kxf7 17. Ng3 Bxc3 18. bxc3 Nd7 19. Rfd1 Rad8 20. Bd4 c5
21. Bf2 Nf6 22. Rdb1 Bc6 23. Rd1 Rd7 24. Rxd7+ Bxd7 25. a4 Ng4 26. a5 Nxf2 27.
Kxf2 b5 28. Rd1 Ke7 29. Re1 g6 30. Re5 c4 31. h4 Kd6 32. Ne2 g5 33. g3 gxf4 34.
gxf4 a6 35. Re3 Rg8 36. Rg3 Rxg3 37. Nxg3 e5 38. Ke3 Kd5 39. Nh5 e4 40. Nf6+
Ke6 41. Nh5 Kd6 42. Nf6 Ke6 43. Nh5 Kf7 44. Ng3 Bc8 45. Nh5 1/2-1/2

[Event "4NCL Division Four"]
[Site "Daventry, ENG"]
[Date "2023.02.05"]
[Round "6.71"]
[White "Curran, David P"]
[Black "Kothari, Jai"]
[Result "0-1"]
[WhiteElo "1770"]
[BlackElo "1855"]
[PlyCount "52"]
[EventDate "2023.02.05"]
[WhiteTeam "Oxford 3"]
[BlackTeam "Guildford Young Guns"]

1. d4 Nf6 2. c4 c5 3. Nf3 cxd4 4. Nxd4 g6 5. g3 Bg7 6. Bg2 O-O 7. O-O d6 8. Nc3
Nc6 9. Nxc6 bxc6 10. Bxc6 Rb8 11. Bg2 Qa5 12. Nb5 a6 13. Bd2 Qd8 14. Na7 Bd7
15. Nc6 Bxc6 16. Bxc6 Qc7 17. Bf3 Rxb2 18. Qc1 Rbb8 19. Qc2 Nd7 20. Rab1 Ne5
21. Bg2 Qxc4 22. Bc3 Rxb1 23. Rxb1 Rc8 24. Rb3 Nd7 25. Bh3 e6 26. Rb7 Nc5 0-1

[Event "4NCL Division Four"]
[Site "Daventry, ENG"]
[Date "2023.02.05"]
[Round "6.72"]
[White "Sachdeva, Ronit"]
[Black "Cole, Graham"]
[Result "1-0"]
[WhiteElo "1820"]
[BlackElo "1773"]
[PlyCount "129"]
[EventDate "2023.02.05"]
[WhiteTeam "Guildford Young Guns"]
[BlackTeam "Oxford 3"]

1. d4 Nf6 2. Nf3 g6 3. e3 Bg7 4. Be2 O-O 5. O-O d6 6. c4 c5 7. d5 Bf5 8. Nc3
Ne4 9. Nxe4 Bxe4 10. Nd2 Bf5 11. e4 Bc8 12. Nb1 e6 13. Nc3 exd5 14. Nxd5 Nc6
15. Rb1 Be6 16. Ne3 Nd4 17. Nc2 f5 18. f3 fxe4 19. fxe4 Rxf1+ 20. Bxf1 Qh4 21.
Qe1 Qxe1 22. Nxe1 Kf7 23. Nf3 Nxf3+ 24. gxf3 Bd4+ 25. Kg2 a5 26. Bf4 Ke7 27.
Re1 a4 28. e5 dxe5 29. Bxe5 Bxe5 30. Rxe5 Kd6 31. Re3 Rf8 32. Ra3 Bd7 33. Be2
Rf4 34. Rd3+ Kc7 35. Kg3 Rf6 36. Rd5 b6 37. Rd3 Bc6 38. Ra3 Rd6 39. Rd3 Rf6 40.
Bd1 b5 41. cxb5 Bxb5 42. Ra3 Ra6 43. Kf4 Rd6 44. Bc2 Rd2 45. Rc3 Kd6 46. h4 Rd5
47. Be4 Rh5 48. Kg3 Re5 49. Rc2 Be8 50. Rd2+ Ke7 51. Rd5 Rxd5 52. Bxd5 Kd6 53.
Bg8 h6 54. Kf4 Bb5 55. Bh7 Bd3 56. Ke3 c4 57. h5 gxh5 58. Bxd3 cxd3 59. Kxd3 h4
60. Ke3 Ke5 61. b4 axb3 62. axb3 h3 63. Kf2 Kf4 64. b4 h2 65. Kg2 1-0

[Event "4NCL Division Four"]
[Site "Daventry, ENG"]
[Date "2023.02.05"]
[Round "6.73"]
[White "Neatherway, A Philip"]
[Black "Sefton, Adam"]
[Result "0-1"]
[WhiteElo "1825"]
[BlackElo "1699"]
[PlyCount "68"]
[EventDate "2023.02.05"]
[WhiteTeam "Oxford 3"]
[BlackTeam "Guildford Young Guns"]

1. e4 e6 2. d4 d5 3. e5 c5 4. Nf3 cxd4 5. Bd3 Nc6 6. O-O Bc5 7. Nbd2 Nge7 8.
Nb3 Bb6 9. Bf4 Ng6 10. Bg3 a5 11. a4 O-O 12. Bxg6 hxg6 13. Nbxd4 Bd7 14. Re1
Nxd4 15. Nxd4 Rc8 16. Nf3 Rc4 17. h4 Rg4 18. Kh2 Rxa4 19. Rxa4 Bxa4 20. Qd3 Qd7
21. b3 Bb5 22. Qd2 Rc8 23. h5 a4 24. hxg6 fxg6 25. Qg5 Qf7 26. Qg4 Bd8 27. bxa4
Rc4 28. Nd4 Bxa4 29. c3 Bd7 30. Rb1 b5 31. Bh4 Bb6 32. Ra1 Bxd4 33. Ra8+ Kh7
34. Bg5 Bxe5+ 0-1

[Event "4NCL Division Four"]
[Site "Daventry, ENG"]
[Date "2023.02.05"]
[Round "6.74"]
[White "Welling, Zac"]
[Black "Beckett, Richard"]
[Result "0-1"]
[WhiteElo "1622"]
[BlackElo "1648"]
[PlyCount "78"]
[EventDate "2023.02.05"]
[WhiteTeam "Guildford Young Guns"]
[BlackTeam "Oxford 3"]

1. e4 c5 2. Nc3 Nc6 3. Bb5 d6 4. Bxc6+ bxc6 5. d3 Nf6 6. f4 g6 7. Nf3 Bg7 8.
O-O O-O 9. Qe1 Bg4 10. Qg3 Bxf3 11. Qxf3 Qb6 12. Kh1 Rad8 13. g4 d5 14. Rb1
Nxg4 15. Nxd5 cxd5 16. Qxg4 dxe4 17. dxe4 Qa6 18. Qf3 Qxa2 19. Be3 Qc4 20. Qg2
Bd4 21. Rbe1 Bxb2 22. f5 a5 23. Bh6 Bg7 24. Bxg7 Kxg7 25. Qg3 Qd4 26. e5 a4 27.
f6+ exf6 28. exf6+ Kh8 29. Rf4 Qd5+ 30. Kg1 c4 31. Qh4 g5 32. Qh6 Rg8 33. Rfe4
Qc5+ 34. Kh1 Qc6 35. Qh5 Rde8 36. Qg4 a3 37. Kg1 Rxe4 38. Rxe4 a2 39. Re1 Qxf6
0-1

[Event "4NCL Division Four"]
[Site "Daventry, ENG"]
[Date "2023.02.05"]
[Round "6.75"]
[White "Tringali, Alessandro"]
[Black "Twisk, Sebastian"]
[Result "1/2-1/2"]
[WhiteElo "1704"]
[BlackElo "1651"]
[PlyCount "93"]
[EventDate "2023.02.05"]
[WhiteTeam "Oxford 3"]
[BlackTeam "Guildford Young Guns"]

1. e4 c6 2. Nf3 d5 3. Nc3 Bg4 4. h3 Bxf3 5. Qxf3 e6 6. d4 dxe4 7. Qxe4 Nf6 8.
Qd3 Nbd7 9. Be2 Qb6 10. O-O Rd8 11. Qc4 Be7 12. Be3 Nd5 13. Nxd5 cxd5 14. Qb3
O-O 15. c3 Qc7 16. Qc2 a6 17. Bd3 g6 18. Bh6 Rfe8 19. g3 Bf8 20. Qd2 Bg7 21.
Bxg7 Kxg7 22. f4 b5 23. a4 Qb6 24. axb5 axb5 25. Qe2 b4 26. Ra6 Qb7 27. Rfa1
bxc3 28. bxc3 Ra8 29. Bb5 Rxa6 30. Rxa6 Rc8 31. c4 dxc4 32. Bxc4 Qb1+ 33. Kf2
Qh1 34. Ra7 Qh2+ 35. Kf3 Qxe2+ 36. Bxe2 Nf6 37. Ra3 Rd8 38. Ke3 Ne8 39. Bc4 Nd6
40. Ba2 Nf5+ 41. Kf2 Nxd4 42. Rd3 Nc6 43. Rxd8 Nxd8 44. Ke3 Kf6 45. Ke4 Nc6 46.
g4 h6 47. h4 1/2-1/2

[Event "4NCL Division Four"]
[Site "Daventry, ENG"]
[Date "2023.02.05"]
[Round "6.76"]
[White "Butcher, Nathaniel"]
[Black "Rumsby, Stephen"]
[Result "0-1"]
[WhiteElo "1386"]
[BlackElo "1605"]
[PlyCount "70"]
[EventDate "2023.02.05"]
[WhiteTeam "Guildford Young Guns"]
[BlackTeam "Oxford 3"]

1. e4 e5 2. Nf3 Nc6 3. Bc4 Be7 4. O-O Nf6 5. Nc3 O-O 6. d3 d6 7. h3 a6 8. Bg5
Na5 9. Bb3 Nxb3 10. axb3 h6 11. Be3 c6 12. d4 exd4 13. Nxd4 c5 14. Nde2 b6 15.
Ng3 Bb7 16. Qd2 d5 17. exd5 Nxd5 18. Nf5 Nxe3 19. Qxe3 Bg5 20. Qg3 Qf6 21. Ne3
Rad8 22. Qc7 Bc8 23. Ned5 Qg6 24. Rac1 Kh8 25. Ne7 Bxe7 26. Qxe7 Bxh3 27. Qe4
Bf5 28. Qe2 Rfe8 29. Qxa6 Bh3 30. Qb7 Rd4 31. Nd1 Bxg2 32. Qxg2 Rg4 33. Qxg4
Qxg4+ 34. Kh1 Re5 35. f3 Rh5# 0-1

[Event "4NCL Division Four"]
[Site "Daventry, ENG"]
[Date "2023.02.05"]
[Round "6.81"]
[White "Parikh, Naavya"]
[Black "Ravi, Vash"]
[Result "1-0"]
[WhiteElo "1756"]
[BlackElo "1593"]
[PlyCount "77"]
[EventDate "2023.02.05"]
[WhiteTeam "Cambridge University Y1"]
[BlackTeam "She Plays To Win Uni"]

1. e4 e5 2. Nf3 Nc6 3. Bc4 Bc5 4. d3 Nf6 5. c3 d5 6. exd5 Nxd5 7. O-O O-O 8.
Re1 f6 9. Qb3 Be6 10. d4 Na5 11. Qa4 Nxc4 12. Qxc4 Bb6 13. dxe5 fxe5 14. Rxe5
Qd6 15. Qe4 Rf6 16. Bg5 Rg6 17. Nbd2 Nf6 18. Bxf6 Rxf6 19. Nc4 Bxc4 20. Qxc4+
Kf8 21. Rae1 Rd8 22. R5e2 Rg6 23. Qe4 c6 24. Qe7+ Qxe7 25. Rxe7 Rd3 26. Kf1
Rgd6 27. Rxb7 Rd1 28. Rbe7 Rxe1+ 29. Rxe1 Rf6 30. Rd1 Ke7 31. Nd4 Kf7 32. f3
Rd6 33. Ke2 Rg6 34. Kf1 Rd6 35. Rd2 Bc7 36. g3 a5 37. Nb3 Rf6 38. Kg2 Rg6 39.
Rd7+ 1-0

[Event "4NCL Division Four"]
[Site "Daventry, ENG"]
[Date "2023.02.05"]
[Round "6.82"]
[White "Mohan, Meghana"]
[Black "Jayakumar, Bharath"]
[Result "0-1"]
[WhiteElo "1505"]
[BlackElo "1650"]
[PlyCount "56"]
[EventDate "2023.02.05"]
[WhiteTeam "She Plays To Win Uni"]
[BlackTeam "Cambridge University Y1"]

1. d4 d5 2. c4 e6 3. g3 Nf6 4. Bg2 Be7 5. Nf3 O-O 6. O-O b6 7. Bg5 Nbd7 8. Nc3
Bb7 9. Re1 Rc8 10. Ne5 c5 11. e4 cxd4 12. Qxd4 Bc5 13. Qd1 Nxe5 14. cxd5 Bxf2+
15. Kxf2 Nfg4+ 16. Kg1 Qxg5 17. Re2 Ba6 18. Rd2 Qe3+ 19. Kh1 Nf2+ 20. Rxf2 Qxf2
21. Qa4 Qxb2 22. Rd1 Nd3 23. Rb1 Qxc3 24. Qxa6 exd5 25. exd5 Rce8 26. h4 Nc5
27. Qxa7 Qxg3 28. a3 Ra8 0-1

[Event "4NCL Division Four"]
[Site "Daventry, ENG"]
[Date "2023.02.05"]
[Round "6.83"]
[White "Evans, Daniel"]
[Black "Runwal, Khushi"]
[Result "1-0"]
[WhiteElo "1665"]
[BlackElo "1458"]
[PlyCount "115"]
[EventDate "2023.02.05"]
[WhiteTeam "Cambridge University Y1"]
[BlackTeam "She Plays To Win Uni"]

1. e4 e5 2. Nc3 Nc6 3. f4 exf4 4. Nf3 d6 5. d4 Qf6 6. Bb5 Bd7 7. Nd5 Qd8 8.
Bxf4 Nf6 9. Nxf6+ Qxf6 10. Bg5 Qg6 11. O-O f6 12. Bf4 O-O-O 13. Re1 h5 14. d5
Ne5 15. Nxe5 fxe5 16. Bxd7+ Rxd7 17. Bg3 h4 18. Bf2 h3 19. g3 Kb8 20. c4 Rh4
21. Qa4 Rd8 22. Qxa7+ Kc8 23. Qe3 Be7 24. Kh1 Bg5 25. Qe2 Rhh8 26. Rad1 Rdf8
27. c5 dxc5 28. Bxc5 Rd8 29. Qg4+ Kb8 30. Be7 Rde8 31. Qxg5 Qxg5 32. Bxg5 Rh5
33. Be3 g5 34. Rf1 g4 35. Rf7 Rhh8 36. Rdf1 Rhg8 37. R1f6 Kc8 38. a4 Kd8 39.
Bc5 Kc8 40. a5 Kb8 41. b4 Rc8 42. b5 Ka8 43. Rf8 Rcxf8 44. Rxf8+ Rxf8 45. Bxf8
Ka7 46. Bc5+ b6 47. axb6+ cxb6 48. Bd6 Kb7 49. Bxe5 Kc8 50. Bd4 Kc7 51. e5 Kd7
52. Bxb6 Ke8 53. Bc5 Kd8 54. b6 Kc8 55. e6 Kb8 56. e7 Ka8 57. e8=Q+ Kb7 58.
Qd7+ 1-0

[Event "4NCL Division Four"]
[Site "Daventry, ENG"]
[Date "2023.02.05"]
[Round "6.84"]
[White "Khunda, Deema"]
[Black "Cann, Arthur"]
[Result "1-0"]
[WhiteElo "1350"]
[BlackElo "1321"]
[PlyCount "59"]
[EventDate "2023.02.05"]
[WhiteTeam "She Plays To Win Uni"]
[BlackTeam "Cambridge University Y1"]

1. d4 d5 2. c4 c6 3. Nc3 Nf6 4. Nf3 Bf5 5. e3 e6 6. Bd3 Bxd3 7. Qxd3 Bb4 8. O-O
b6 9. cxd5 exd5 10. a3 Bd6 11. e4 dxe4 12. Nxe4 O-O 13. Bg5 Be7 14. Rfe1 Nxe4
15. Bxe7 Qxe7 16. Rxe4 Qf6 17. Rae1 Qd6 18. Rh4 g6 19. Ng5 Qf6 20. f4 h5 21.
Rxh5 Rd8 22. Rh7 Qxf4 23. Rh8+ Kg7 24. Rh7+ Kg8 25. Rh8+ Kg7 26. Rxd8 Qxg5 27.
Rde8 a5 28. Rf1 Qd5 29. Qh3 Qxd4+ 30. Kh1 1-0